| 000 | 01664nam a2200229Ia 4500 | ||
|---|---|---|---|
| 003 | Ost | ||
| 005 | 20260507075038.0 | ||
| 008 | 260507s9999||||xx |||||||||||||| ||und|| | ||
| 040 | _cfsecg | ||
| 041 | _aara | ||
| 082 | _a330 | ||
| 100 |
_aأبو قحف، عبد السلام _eمؤلف |
||
| 245 | 0 |
_aاقتصاد الأعمال والإستثمار الدولي / _c عبد السلام أبو قحف |
|
| 260 |
_aالاسكندرية: _bدار الجامعة الجديدة, _c2003 |
||
| 300 |
_a624 صفحة؛ _bإيضاحات ؛ _c24 سم |
||
| 504 | _aملاحق ص. 583 | ||
| 520 | _aالمقدمات والقضايا الأساسية-طبيعة الدراسة والعناصر الأساسية لاقتصاد الادارة والاستثمار-دراسة بيئة منظمات الأعمال-التحليل والتنبؤ بالطلب-التكاليف وقرارات الانتاج في منظمات الأعمال-قرارات التسعير في منظمات الأعمال-نظرية المشروع-دراسات جدوى المشروعات والتوسعات الجديدة-المفاهيم والمحاور الأساسية لدراسات جدوى المشروعات-دراسة الربحية الاجتماعية-اقتصاديات الاستثمار الدولي-المقدمات والقضايا والمفاهيم الأساسية-نظرية التدويل-جدوى الاستثمارات الأجنبية-الأشكال المختلفة للإستثمارات الأجنبية | ||
| 653 | _aالاستثمارات الأجنبية | ||
| 653 | _aالاستثمارات الخارجية | ||
| 653 | _aالاقتصاد | ||
| 942 | _cكتاب | ||
| 999 |
_c42476 _d42476 |
||